00810nam a22002297a 45000050016000000100014000160200027000300350013000570370013000700820008000831000024000912450101001152600042002162700048002583000043003065000019003496500025003687000030003939420022004239990017004459520118004622010080205235.0 aENG-97730 a9788185873503c4000.00 aEN-81263 bDBAD/PUB a635 aH. P. Singh 926420 aHorticulture ;cby H. P. Singh [and] M. S. Palaniswamibin different Agro- climatic conditions / aNew Delhic2010bWestville Pub. House a47, B-5, Paschim Vihar, bNew Delhie110063 aV.1. xviii, 260 p. : c26cm (Hb)bill aIncludes index aHorti culture926421 94162a Palaniswami, M. S. 2ddccENh635mSIN c38814d38814 001040718NFICaDBADbDBADd2010-08-02g4000.00l0o254.3563 SILpEN-81263r2010-08-02 00:00:00t1v4000.00yEN